000 00912nam a2200181Ia 4500
008 090124s9999 xx 000 0 und d
082 _b131438
100 _aचिटणीस शुभा
245 _a अधांतर ते समांतर ( विजया राजाध्यक्ष यांच्या कथालेखनाचा प्रवास )
250 _a1
260 _c2003
300 _a152
600 _aचिटणीस शुभा
630 _a अधांतर ते समांतर ( विजया राजाध्यक्ष यांच्या कथालेखनाचा प्रवास )
700 _aचिटणीस शुभा
730 _a अधांतर ते समांतर ( विजया राजाध्यक्ष यांच्या कथालेखनाचा प्रवास )
942 _cBOOK
999 _c177527
_d177527